1669 1155 1877 1500 1027 1670 1216 1223 1947 1744 1014 1125 1882 1984 1801 1479 1274 1429 1687 1033 1875 1550 1612 1565 1733 1774 1314 1316 1132 1469 1298 1403 1583 1723 1762 1985 1460 1727 1308 1630 1601 1789 1303 1112 1405 1369 1530 1275 1604 1382 1754 1001 1903 1285 1020 1252 1320 1537 1146 1058 1229 1253 1199 1872 1526 1168 1622 1493 1898 1735 1694 1539 1027 1638 1724 1725 1124 1713 1506 1126 1839 1312 1464 1985 1584 1279 1705 1292 1893 1906 1626 1569 1608 1073 1867 1146 1494 1166 1263 BCNSPRNW ULIB Ver.6.0+V

เปลี่ยนเป็นภาษาไทย

Change to English
 แสดงรายละเอียดบรรณานุกรม
  กลับหน้าหลัก

Brief Record : Get Marc (ISO 2709) : E-mail record : QR code < ปิดหน้าต่าง
LEADER : 00000nam 2200000uu 4500
001    13399111213
003     ULIB
008    110620s1999||||th 000 0 eng d
020    0781716365
024    9780781716369
060 04 WY195^bR974t 1999
100 1  Rosdahl, Caroline Bunker
245 10 Textbook of basic nursing /^cCaroline Bunker Rosdahl
250     7th ed.
260    Philadelphia :^bJ.B. Lippincott,^c1999
300    xliii, 1518 p. :^bill. ;^c30 cm.
504    Includes bibliographical references
650  2 Nursing Practical
945    ^p0^l0^i010323
995    Kesorn
999 ^a ใช้งานได้ทุกระบบ
รายการนี้ยังไม่มีแท็ก
คุณยังไม่ได้ล็อกอิน คุณสามารถมีกิจกรรมร่วมกับเว็บไซต์ได้ แต่ต้องล็อกอินก่อน ::
  ล็อกอิน

รายการสื่อสารสนเทศ

ลำดับที่ ประเภท เลขเรียก/บาร์โค้ด สถานที่ สถานะ
- ไม่พบข้อมูล -

รายการใกล้เคียง
    หัวเรื่อง [Nursing Practical]

BibComment


ยังไม่เคยถูกคอมเมนท์

คอมเมนท์ทรัพยากรรายการนี้
  คอมเมนท์: Textbook of basic..


 Copyright 2026. Bcnsprnw @Library